Todas las Canciones del Álbum de Jhayco Timelezz - Estadísticas

Estadísticas generales
  • Esta prueba ha sido intentada 121 veces
  • La puntuación promedio es 11 de 17
Estadísticas de respuestas
Hint Respuesta % Correcto
2 Tokyo
96%
13 Dile (Homenaje)
90%
4 Ley Seca
81%
1 Dilema
78%
3 Esta Dejá
76%
15 Los Bo
72%
5 Los Rompediskoteca
72%
6 En Mi Cuarto
65%
16 Kobe En LA 2.0
62%
12 Me Extraña
60%
7 Mi Vicio
60%
14 Christian Dior
58%
10 Ropa Interior
58%
11 Los Bandoleros
56%
8 Dale Como Es
54%
9 Nos Matamos
53%
17 Eternamente
52%
No se encontraron pruebas coincidentes
Distribución de puntuación
Porcentaje de gente con cada puntuación
Porcentaje por número respondido
Historial de tus puntuaciones
No has intentado esta prueba.